banner-ar

الفلسفة الفرنسية من ديكارت الى سارتر / (Record no. 31801)

MARC details
000 -الفاتح
حقل البيانات ثابتة الطول 00750nam a2200229Ia 4500
008 - عناصر البيانات ثابتة الطول - معلومات عامة
حقل البيانات ثابتة الطول 140319s9999 xx 000 0 ara d
040 ## - مصدر الفهرسة
وكالة الفهرسة الأصلية GCL /
وكالة النسخ GCL
082 04 - رقم تصنيف ديوى العشرى
رقم التصنيف 194
رقم المادة ف ف
100 1# - المدخل الرئيسى - إسم شخصى
الإسم الشخصى فؤاد زكريا
245 10 - بيان العنوان
العنوان الفلسفة الفرنسية من ديكارت الى سارتر /
بيان المسئوليه,etc فؤاد زكريا
700 1# - المدخل الاضافى - اسم شخصى
الإسم الشخصى فال، جان (واخرون)
700 1# - المدخل الاضافى - اسم شخصى
الإسم الشخصى فؤاد كامل (مترجم)
300 ## - الوصف المادى
التعداد 194 ص
490 ## - بيان السلسلة
عنوان السلسلة روائع الفكر الانسانى
رقم المجلد/ التعيين التسلسلي 0
650 04 - المدخل الاضافى بالموضوع-مصطلح موضوعى
مصطلح موضوعي تاريخ
650 04 - المدخل الاضافى بالموضوع-مصطلح موضوعى
مصطلح موضوعي الفلسفة
650 04 - المدخل الاضافى بالموضوع-مصطلح موضوعى
مصطلح موضوعي الفلسفة الغربية
650 04 - المدخل الاضافى بالموضوع-مصطلح موضوعى
مصطلح موضوعي الفلسفة الفرنسية
942 ## - عناصر المدخل الإضافي( كوها)
مصدر التصنيف او مخطط الترفيف Dewey Decimal Classification
Koha [default] item type كتاب
260 ## - PUBLICATION, DISTRIBUTION, ETC. (IMPRINT)
-- [S.N] :
-- دار الثقافة للنشر والتوزيع
Holdings
حالة التراجع حالة الفقد حالة تلف ليس للاعارة المكان المؤقت الموقع الحالى تاريخ الاكتساب اجمالي اﻻعارات رقم الطلب الباركود تاريخ اخر مشاهدة تاريخ تفعيل السعر نوع وعاء كوها
        مكتبة القاهرة الكبرى مكتبة القاهرة الكبرى 03/26/2014   194\ف ف 74580 03/26/2014 03/26/2014 كتاب
        مكتبة القاهرة الكبرى مكتبة القاهرة الكبرى 03/26/2014   194\ف ف 74581 03/26/2014 03/26/2014 كتاب

Powered By

EGPV